000 01141cam a22002294a 4500
005 20250605164232.0
008 250528s ||||||||||||||||||||||||d
035 _a20988
020 _a9781420089271
040 _aGR-AtMCL
_bgre
_dGR-AtMCL
_eAACR2
245 1 _aProduct Design for Manufacture and Assembly / Third Edition
250 _a3rd
260 _bCrc Press,
_c2015
300 _a670
520 _aThe book provides significant savings in the product development process. Introduction, Selection of Materials and Processes, Product Design for Manual Assembly, Electrical Connections and Wire Harness Assembly, Design for High-Speed Automatic Assembly and Robot Assembly, Printed Circuit Board Design for Manufacture and Assembly, Design for Machining, Design for Injection Molding, Design for Sheet Metalworking, Design for Die Casting, Design for Powder Metal Processing, Design for Sand Casting, Design for Investment Casting, Design for Hot Forging.
700 1 _aBoothroyd Geoffrey
_96999
700 1 _aDewhurst Peter
_97000
700 1 _aKnight Winston A
_97001
942 _cBK
999 _c6065
_d6065